01284cam a2200325 i 4500001001900000003000700019005001700026008004100043020002800084040002300112042000900135066000700144084001900151090001100170100002500181245003800206250001100244260004500255264004400300264003600344300002300380336002900403337002800432338002800460490001800488650002000506942001400526999001500540952040300555 1039323704004786YEEZEN20250711142348.0250328s2024 ch 000 edchi d a9786263585539q(平裝) aNTUbchierdacNTU anbic a$1 a863.552ncsclt a863.551 a張西,d1992-4aut.10a有時幸,有時傷 c張西著 a初版 a台北市 :b三采文化發行c2024.12 1a[臺灣] :b[出版者不詳],c2024.12 2a台北市 :b三采文化發行 a335面 ;c20公分 a文字btxt2rdacontent. a無媒介bn2rdamedia. a成冊bnc2rdacarrier.0 a愛寫 ;v62. 7a散文.2lcstt. 2cclcBOOK c7655d7655 00102ccl4070ayeezenbyeezencYEEZENd2025-07-11l1o863.55pC03244r2025-08-08 00:00:00s2025-07-25w2025-07-11yBOOKz當命運短時間內,不斷取走生命原有的豐盛; 當失去,以悲傷的樣貌頻繁來到,還能幸福如常嗎? 被命運狠狠劃傷的你我,新生的那層皮,粉嫩而赤裸。 新生皮囊承載著舊傷的繭,繼續一口一口體會。 生命的幸與傷。